Представление документа в формате RUSMARC

ПолеНазваниеЗначение
  Тип записи a
  Библиографический уровень a
001 Контрольный номер RU/CBS_UL/BASE/440a5aaf8e0647d8afec97844c829579
005 Дата корректировки 20251016115430.0
100 Данные общей обработки __
a Данные общей обработки 20251016 ||| 0rusy0189 ca
101 Язык документа 0_
a Язык текста rus
102 Страна публикации __
a Страна публикации RU
200 Заглавие и сведения об ответственности 1_
a Заглавие Спинку - прямо! Как сохранить здоровую осанку у школьника?
300 Общие примечания __
a Общие примечания 16+
461 Уровень набора _0
1 2000
a Ваш семейный доктор
463 Уровень физической единицы _0
1 2000
a № 5
v С. 20-21 : фото
1 2101
d 2025
1 001RU/CBS_UL/BASE/22d1f51116794ac2927c9e4d6cffc2f2
606 Тематические рубрики 0_
a Основная рубрика Сколиоз у детей - Профилактика
610 Ключевые слова 0_
a Ключевые слова осанка
610 Ключевые слова 0_
a Ключевые слова сколиоз
610 Ключевые слова 0_
a Ключевые слова сколиоз у детей
610 Ключевые слова 0_
a Ключевые слова признаки сколиоза
610 Ключевые слова 0_
a Ключевые слова искривление позвоночника
610 Ключевые слова 0_
a Ключевые слова искривление позвоночника у детей
610 Ключевые слова 0_
a Ключевые слова рабочее место для школьника
686 Индексы других классификаций __
2 Код системы rubbk
a Классификационный индекс 54.18
801 Источник записи _0
a Страна RU
b Организация МБУК ЦБС г. Ульяновска
c Дата составления 20251016
g Правила каталогизации RCR
801 Источник записи _1
a Страна RU
b Организация МБУК ЦБС г. Ульяновска
c Дата составления 20251016
g Правила каталогизации RCR
901 Тип документа __
t Тип документа b
w Контрольный № источника RU/CBS_UL/BASE/22d1f51116794ac2927c9e4d6cffc2f2
909 Создатель записи __
a Создатель записи lib2